000 01307nam a2200337Ia 4500
001 ebr10675693
003 CaPaEBR
006 m u
007 cr cn|||||||||
008 071220s2009 caua sb 001 0 eng d
010 _z 2007052244
020 _z9780520249776 (cloth : alk. paper)
020 _z9780520942790
040 _aCaPaEBR
_cCaPaEBR
035 _a(OCoLC)667014254
050 1 4 _aML3785
_b.T36 2009eb
082 0 4 _a780.9
_222
100 1 _aTaruskin, Richard.
245 1 4 _aThe danger of music and other anti-utopian essays
_h[electronic resource] /
_cRichard Taruskin.
260 _aBerkeley :
_bUniversity of California Press,
_cc2009.
300 _axvi, 488 p. :
_bill.
500 _a"Roth Family Foundation music in America imprint"--Prelim. p.
504 _aIncludes bibliographical references and index.
533 _aElectronic reproduction.
_bPalo Alto, Calif. :
_cebrary,
_d2013.
_nAvailable via World Wide Web.
_nAccess may be limited to ebrary affiliated libraries.
650 0 _aMusical criticism.
650 0 _aMusic trade.
655 7 _aElectronic books.
_2local
710 2 _aebrary, Inc.
730 0 _aNew York times.
856 4 0 _uhttp://site.ebrary.com/lib/rucke/Doc?id=10675693
_zAn electronic book accessible through the World Wide Web; click to view
999 _c57913
_d57913